Polskie kontyngenty wojskowe - Statystyki

Ogólne statystyki
  • Ten quiz został rozwiązany 126 razy
  • Średni wynik to 19 z 43
Statystyki odpowiedzi
Kraje % Poprawnych
Irak
86%
Afganistan
82%
Kosowo
79%
Serbia
78%
Syria
75%
Rumunia
71%
Łotwa
70%
Litwa
68%
Egipt
67%
Estonia
66%
Turcja
66%
Włochy
66%
Grecja
65%
Chorwacja
62%
Bośnia i Hercegowina
61%
Macedonia Północna
58%
Albania
55%
Liban
53%
Bułgaria
51%
Czarnogóra
49%
Demokratyczna Republika Konga
49%
Pakistan
40%
Etiopia
36%
Sudan
35%
Arabia Saudyjska
34%
Gruzja
34%
Czad
32%
Haiti
32%
Jordania
30%
Kuwejt
29%
Katar
25%
Islandia
23%
Kambodża
23%
Kirgistan
23%
Mali
20%
Tadżykistan
20%
Uzbekistan
20%
Bahrajn
18%
Erytrea
16%
Republika Środkowoafrykańska
16%
Federalna Republika Jugosławii
15%
Namibia
5%
Sahara Zachodnia
2%
Nie znaleziono quizów pasujących do podanych kryteriów
Rozkład punktacji
Procent ludzi z każdym wynikiem
Percentyl według liczby udzielonych odpowiedzi
Twoja historia wyników
Nie rozwiązałeś tego quizu